| 000 | 00485nam a2200157 i 4500 | ||
|---|---|---|---|
| 001 | 90514 | ||
| 003 | ES-MaACL | ||
| 005 | 20230906180450.0 | ||
| 007 | t| | ||
| 008 | 050121s1912 fr ||||1| fre d | ||
| 100 | 1 |
_aLeguay, Pierre. _971307 |
|
| 245 | 1 | 0 |
_aUniversitaires d'aujourd'hui _b: Ernest Levisse, Gustave Lauson, Charles Seignobos ... / _cPierre Leguay. |
| 260 |
_a[S.l. : _bs.n.], _c1912 ( _eMayenne : _fCh. Colin) |
||
| 300 |
_a328 p. ; _c19 cm. |
||
| 852 |
_aES-MaACL _jF-9731 |
||
| 999 |
_c90514 _d90514 |
||